[Event "Reykjavik Kvika op"]
[Site "Reykjavik"]
[Date "2022.04.12"]
[Round "9"]
[White "Hafdisarson, Ingi Thor"]
[Black "Riedelsheimer, Julia"]
[Result "0-1"]
[WhiteElo "1314"]
[BlackElo "1663"]
[PlyCount "64"]
[EventDate "2022.04.06"]
[EventType "swiss"]
[EventRounds "9"]
[EventCountry "ISL"]
[SourceTitle "CBM 207 Extra"]
[Source "ChessBase"]
[SourceDate "2022.05.31"]
[SourceVersion "1"]
[SourceVersionDate "2022.05.31"]
[SourceQuality "1"]

1. d4 f5 2. Bf4 Nf6 3. e3 e6 4. Be2 Bd6 5. Bxd6 cxd6 6. Nf3 b6 7. 0-0 0-0 8. c4 d5 9. Nc3 dxc4 10. Bxc4 d5 11. Bb3 Ba6 12. Re1 Ne4 13. Nxe4 fxe4 14. Ne5 Nd7 15. Nc6 Qf6 16. Qd2 Bb7 17. Nb4 a5 18. Nc2 a4 19. Bxa4 Rxa4 20. b3 Raa8 21. Nb4 Rac8 22. Rec1 Nb8 23. a4 Na6 24. Na2 e5 25. b4 exd4 26. exd4 Nc7 27. Rd1 Ne6 28. Rac1 Nf4 29. Nc3 Nd3 30. Rc2 Nxb4 31. Nxe4 dxe4 32. Rxc8 Bxc8 0-1

[Event "Reykjavik Kvika op"]
[Site "Reykjavik"]
[Date "2022.04.10"]
[Round "6"]
[White "Eythorsson, Engilbert Vidar"]
[Black "Riedelsheimer, Julia"]
[Result "0-1"]
[WhiteElo "1253"]
[BlackElo "1663"]
[PlyCount "70"]
[EventDate "2022.04.06"]
[EventType "swiss"]
[EventRounds "9"]
[EventCountry "ISL"]
[SourceTitle "CBM 207 Extra"]
[Source "ChessBase"]
[SourceDate "2022.05.31"]
[SourceVersion "1"]
[SourceVersionDate "2022.05.31"]
[SourceQuality "1"]

1. d4 f5 2. c4 Nf6 3. Bg5 e6 4. Nc3 Bb4 5. Qc2 0-0 6. Nf3 h6 7. Bxf6 Qxf6 8. e3 b6 9. Be2 Bb7 10. 0-0 Bxc3 11. Qxc3 d6 12. Rfd1 Nd7 13. d5 e5 14. Bd3 e4 15. Qxf6 Rxf6 16. Nd4 exd3 17. Ne6 Ne5 18. b3 c6 19. f4 cxd5 20. cxd5 Nd7 21. b4 Rc8 22. Rxd3 Bxd5 23. Nxg7 Be4 24. Nxf5 Bxf5 25. Rd5 Be4 26. Rd4 d5 27. g4 Rg6 28. h3 Nf6 29. Kf2 Nxg4+ 30. hxg4 Rxg4 31. a4 Rc2+ 32. Kf1 Rh4 33. Rd2 Rxd2 34. Ke1 Rb2 35. Ra2 Rh1# 0-1

[Event "Regionalliga Sued 1718 (Women)"]
[Site "Germany"]
[Date "2017.10.15"]
[Round "1.2"]
[White "Renner, Gabriele"]
[Black "Riedelsheimer, Julia"]
[Result "1-0"]
[WhiteElo "1943"]
[BlackElo "1645"]
[PlyCount "63"]
[EventDate "2017.10.15"]
[EventType "team-tourn"]
[EventRounds "5"]
[EventCountry "GER"]
[SourceTitle "CBM 183 Extra"]
[Source "ChessBase"]
[SourceDate "2018.04.19"]
[SourceVersion "1"]
[SourceVersionDate "2018.04.19"]
[SourceQuality "1"]
[WhiteTeam "Muenchen Bayern (W) II"]
[BlackTeam "Muenchen Bayern (W) III"]
[WhiteTeamCountry "GER"]
[BlackTeamCountry "GER"]

1. e4 e6 2. d4 d5 3. exd5 exd5 4. Bd3 Bd6 5. Nf3 Nc6 6. 0-0 Nge7 7. Re1 Bg4 8. c3 Qd7 9. Nbd2 0-0-0 10. b4 Ng6 11. Qa4 Nce7 12. Qxa7 c6 13. Qa4 Nf4 14. Bf1 h5 15. b5 h4 16. bxc6 Nxc6 17. Rb1 Bxf3 18. Nxf3 Nxg2 19. Bxg2 h3 20. Bh1 Qg4+ 21. Kf1 Qf5 22. Qa8+ Kd7 23. Qxb7+ Bc7 24. Ne5+ Nxe5 25. Qxd5+ Ke8 26. Qb5+ Kf8 27. Ba3+ Kg8 28. dxe5 g6 29. Qc4 Rd2 30. Bc5 Bxe5 31. Rxe5 Qxe5 32. Bd4 1-0

[Event "Regionalliga SW 1516 (Women)"]
[Site "Germany"]
[Date "2016.01.10"]
[Round "3.3"]
[White "Riedelsheimer, Julia"]
[Black "Mueller, Manon"]
[Result "0-1"]
[WhiteElo "1527"]
[BlackElo "1707"]
[PlyCount "82"]
[EventDate "2015.09.27"]
[EventType "team-tourn"]
[EventRounds "5"]
[EventCountry "GER"]
[SourceTitle "EXT 2018"]
[Source "ChessBase"]
[SourceDate "2017.10.13"]
[SourceVersion "1"]
[SourceVersionDate "2017.10.13"]
[SourceQuality "1"]
[WhiteTeam "Bayern Muenchen (W) II"]
[BlackTeam "Gernsheim (W)"]
[WhiteTeamCountry "GER"]
[BlackTeamCountry "GER"]

1. d4 d5 2. Nf3 e6 3. g3 Nf6 4. c4 c6 5. Bg2 Nbd7 6. 0-0 dxc4 7. Qc2 Be7 8. Qxc4 0-0 9. Nc3 Nb6 10. Qb3 a5 11. e4 h6 12. Be3 a4 13. Qc2 Nc4 14. Nxa4 Nxe3 15. fxe3 Nxe4 16. Ne5 Nf6 17. Nc3 Nd5 18. Qd2 Bg5 19. Nxd5 exd5 20. Qc3 Bf6 21. e4 Bxe5 22. dxe5 d4 23. Qb4 b6 24. Qd6 c5 25. a3 Be6 26. Rfd1 Rb8 27. b4 Qc8 28. bxc5 Rd8 29. Qe7 Rb7 30. Qh4 bxc5 31. Rac1 c4 32. Bf1 Rc7 33. Qf4 Qa8 34. Qf3 Qa5 35. Rc2 Qxe5 36. Qf4 Qc5 37. Kh1 Rcd7 38. Qf3 c3 39. a4 Bb3 40. Rcc1 Bxd1 41. Qxd1 d3 0-1

[Event "GER-ch Schools U18 Girls"]
[Site "Germany"]
[Date "2010.05.08"]
[Round "4.1"]
[White "Krtschil, Anna"]
[Black "Riedelsheimer, Julia"]
[Result "1-0"]
[WhiteElo "1313"]
[BlackElo "1152"]
[PlyCount "95"]
[EventDate "2010.05.07"]
[EventType "team-swiss"]
[EventRounds "7"]
[EventCountry "GER"]
[SourceTitle "EXT 2011"]
[Source "ChessBase"]
[SourceDate "2010.11.26"]
[SourceVersion "1"]
[SourceVersionDate "2010.11.26"]
[SourceQuality "1"]
[WhiteTeam "Langensalza SG (W)"]
[BlackTeam "Donauwoerth Gymn (W)"]
[WhiteTeamCountry "GER"]
[BlackTeamCountry "GER"]

1. e4 c6 2. d4 d5 3. Nc3 dxe4 4. Nxe4 Bf5 5. Ng3 Bg6 6. Nf3 h6 7. Bc4 e6 8. Be3 Bd6 9. Qe2 Ne7 10. 0-0 0-0 11. Rad1 Qc7 12. Bb3 Nd7 13. Rfe1 Rad8 14. Bc1 Nf6 15. c3 Rd7 16. Ne5 Bxe5 17. Qxe5 Qxe5 18. Rxe5 Rfd8 19. Rde1 Ned5 20. f4 Ng4 21. R5e2 Bd3 22. Rd2 Nxf4 23. Rdd1 g5 24. h3 Nf6 25. Bxf4 gxf4 26. Rxd3 fxg3 27. Rxg3+ Kh7 28. Bc2+ Kh8 29. Rf1 Rg8 30. Rgf3 Nd5 31. Rxf7 Rxf7 32. Rxf7 Rg7 33. Rf8+ Rg8 34. Rxg8+ Kxg8 35. Kf2 Kg7 36. Kf3 Kf6 37. Be4 Ne7 38. Kf4 b6 39. g4 c5 40. dxc5 e5+ 41. Kf3 bxc5 42. b4 c4 43. a4 Ke6 44. h4 Kd6 45. g5 h5 46. g6 Ng8 47. g7 Ke7 48. Bd5 1-0

[Event "GER-ch Schools U18 Girls"]
[Site "Germany"]
[Date "2010.05.08"]
[Round "5.1"]
[White "Riedelsheimer, Julia"]
[Black "Reyher, Susan"]
[Result "0-1"]
[WhiteElo "1152"]
[BlackElo "1246"]
[PlyCount "68"]
[EventDate "2010.05.07"]
[EventType "team-swiss"]
[EventRounds "7"]
[EventCountry "GER"]
[SourceTitle "EXT 2011"]
[Source "ChessBase"]
[SourceDate "2010.11.26"]
[SourceVersion "1"]
[SourceVersionDate "2010.11.26"]
[SourceQuality "1"]
[WhiteTeam "Donauwoerth Gymn (W)"]
[BlackTeam "Leegebruch (W)"]
[WhiteTeamCountry "GER"]
[BlackTeamCountry "GER"]

1. d4 d5 2. g3 Nf6 3. Bg2 Bf5 4. Nf3 e6 5. 0-0 Bd6 6. c4 dxc4 7. Qa4+ c6 8. Qxc4 0-0 9. Qb3 b6 10. Nc3 Ne4 11. Nh4 Nxc3 12. bxc3 Bg4 13. e4 Nd7 14. Be3 Be7 15. Nf3 c5 16. Nd2 Bg5 17. f4 cxd4 18. cxd4 Bh6 19. h3 Be2 20. Rfe1 Ba6 21. Rac1 e5 22. dxe5 Nc5 23. Bxc5 bxc5 24. Qd5 Qb6 25. Qxc5 Rfc8 26. Qxb6 axb6 27. Rxc8+ Bxc8 28. Rb1 Rxa2 29. Rxb6 Rxd2 30. Rb8 Rd8 31. g4 g6 32. f5 Rf8 33. h4 Bf4 34. Rb6 Be3+ 0-1

[Event "GER-ch Schools U18 Girls"]
[Site "Germany"]
[Date "2010.05.07"]
[Round "3.1"]
[White "Riedelsheimer, Julia"]
[Black "Berdin, Victoria"]
[Result "1-0"]
[WhiteElo "1152"]
[BlackElo "1073"]
[PlyCount "83"]
[EventDate "2010.05.07"]
[EventType "team-swiss"]
[EventRounds "7"]
[EventCountry "GER"]
[SourceTitle "EXT 2011"]
[Source "ChessBase"]
[SourceDate "2010.11.26"]
[SourceVersion "1"]
[SourceVersionDate "2010.11.26"]
[SourceQuality "1"]
[WhiteTeam "Donauwoerth Gymn (W)"]
[BlackTeam "Berlin FvSG (W)"]
[WhiteTeamCountry "GER"]
[BlackTeamCountry "GER"]

1. d4 d5 2. g3 e6 3. Bg2 Nf6 4. Nf3 Be7 5. 0-0 0-0 6. c4 dxc4 7. Ne5 h6 8. Nxc4 Nc6 9. e3 Bd6 10. Nc3 Nd7 11. e4 Bb4 12. Bf4 Nb6 13. Nxb6 axb6 14. d5 exd5 15. Nxd5 Bd6 16. Qd2 Bxf4 17. Qxf4 Nd4 18. Qxc7 Qxc7 19. Nxc7 Ra5 20. Rfd1 Nc2 21. Rac1 Nb4 22. a3 Nc6 23. Nd5 Rc5 24. Nxb6 Rxc1 25. Rxc1 Nd4 26. Rxc8 Rxc8 27. Nxc8 Nb3 28. e5 Nd2 29. Bxb7 Nc4 30. a4 Nxb2 31. a5 Nc4 32. a6 Na5 33. a7 Nxb7 34. a8Q Nc5 35. Nd6+ Kh7 36. Nxf7 Kg6 37. Qc6+ Kxf7 38. Qxc5 Ke8 39. Qa7 Kd8 40. e6 Ke8 41. Kg2 Kd8 42. Qd7# 1-0